|
|
|
|
| LEADER |
00000nab a2200000 a 4500 |
| 001 |
vtls001495307 |
| 003 |
SK-MaSNL |
| 005 |
20260305020429.0 |
| 008 |
250505c2004 xo 0 slo |
| 015 |
|
|
|a SNBCL2005/2
|
| 035 |
|
|
|a (uuid)987cb7da-866f-432c-a68b-cc38b081f784
|
| 035 |
|
|
|a urn:nbn:sk:snk-abudb
|
| 035 |
|
|
|a (urnnbn)urn:nbn:sk:snk:ar-a05toe
|
| 040 |
|
|
|a SNKBUCL
|b slo
|c SNKBUCL
|e AACR2
|
| 041 |
0 |
|
|a slo
|
| 044 |
|
|
|a xo
|c SK
|
| 080 |
|
|
|a 616-053.31-036.1/.88
|2 1981
|
| 100 |
1 |
|
|a Magyarová, G.
|u Nové Zámky
|4 aut
|9 1148232
|
| 245 |
1 |
0 |
|a Kvalita perinatologicko-neonatologickej starostlivosti
|c G. Magyarová, F. Bauer
|
| 300 |
|
|
|b Obr.
|
| 650 |
0 |
7 |
|a neonatológia
|2 MESH
|9 13410
|
| 650 |
0 |
7 |
|a úmrtnosť dojčiat
|2 MESH
|9 4665
|
| 650 |
0 |
7 |
|a chorobnosť
|2 MESH
|9 316080
|
| 650 |
0 |
7 |
|a audit lekárskej starostlivosti
|2 MESH
|9 1074760
|
| 650 |
0 |
7 |
|a vyhodnotenie údajov, štatistické
|2 MESH
|9 874264
|
| 650 |
0 |
7 |
|a novorodenec s nízkou pôrodnou hmotnosťou
|2 MESH
|9 1055288
|
| 650 |
0 |
7 |
|a asfyxia novorodencov
|2 MESH
|9 21781
|
| 700 |
1 |
|
|a Bauer, František,
|d 1950-
|4 aut
|9 8401
|
| 773 |
0 |
|
|t Neonatologické zvesti
|g Roč. 8, č. 1 (2004), s. 3-6
|x 1335-2504
|
| 850 |
|
|
|a Slovenská národná knižnica
|
| 852 |
|
|
|a Slovenská národná knižnica
|
| 954 |
|
|
|a odborná, vedecká literatúra pôvodná (slovenská)
|2 lita
|
| 958 |
|
|
|a article27
|
| 958 |
|
|
|a OND
|
| 958 |
|
|
|a EUIPO
|
| 999 |
|
|
|c 3280613
|d 3282543
|